| 000 | 00374nam a2200145Ia 4500 | ||
|---|---|---|---|
| 008 | 230917s9999||||xx |||||||||||||| ||und|| | ||
| 040 |
_e203766 _aMAIN |
||
| 041 | _aEnglish | ||
| 082 | _a869.3 C65Z | ||
| 100 | _aCoelho, Paulo | ||
| 245 | 0 | _aPilgrimage: A contemporary quest for ancient wisdom | |
| 260 |
_aNoida _bHarper Collins _c1997 |
||
| 300 | _a226 p. | ||
| 942 | _cBK | ||
| 999 |
_c174065 _d174065 |
||